[Event "Moscow op-C"]
[Site "Moscow"]
[Date "2011.02.01"]
[Round "4"]
[White "Vetryansky, Vladimir"]
[Black "Kuzin, Sergey"]
[Result "1-0"]
[WhiteElo "2244"]
[BlackElo "2028"]
[PlyCount "45"]
[EventDate "2011.01.29"]
[EventType "swiss"]
[EventRounds "9"]
[EventCountry "RUS"]
[SourceTitle "EXT 2012"]
[Source "ChessBase"]
[SourceDate "2011.11.24"]
[SourceVersion "1"]
[SourceVersionDate "2011.11.24"]
[SourceQuality "1"]

1. e4 e5 2. Nf3 Nc6 3. Bb5 Nf6 4. 0-0 Nxe4 5. d4 Nd6 6. dxe5 Nxb5 7. a4 Nbd4 8. Nxd4 Nxd4 9. Qxd4 d5 10. Nc3 c6 11. Qd3 g6 12. b3 Bf5 13. Qe2 Qh4 14. a5 Bc5 15. Nxd5 0-0-0 16. Nf6 g5 17. a6 Qb4 18. Qf3 Bxc2 19. Ba3 Qd4 20. axb7+ Kxb7 21. Bxc5 Qxc5 22. Rac1 Rd2 23. Ne4 1-0

[Event "Moscow op-C"]
[Site "Moscow"]
[Date "2011.01.29"]
[Round "1"]
[White "Kuzin, Sergey"]
[Black "Tilicheev, Viacheslav"]
[Result "0-1"]
[WhiteElo "2028"]
[BlackElo "2338"]
[PlyCount "75"]
[EventDate "2011.01.29"]
[EventType "swiss"]
[EventRounds "9"]
[EventCountry "RUS"]
[SourceTitle "EXT 2012"]
[Source "ChessBase"]
[SourceDate "2011.11.24"]
[SourceVersion "1"]
[SourceVersionDate "2011.11.24"]
[SourceQuality "1"]

1. d4 Nf6 2. c4 e6 3. Nf3 d5 4. cxd5 exd5 5. Nc3 Bb4 6. g3 0-0 7. Bg2 Ne4 8. Bd2 Nxd2 9. Qxd2 c6 10. 0-0 Nd7 11. Qf4 Re8 12. Rfe1 Nf6 13. a3 Bd6 14. Qc1 h6 15. b4 Ne4 16. Na4 Qf6 17. Nc5 g5 18. Nd3 a5 19. Qb2 axb4 20. axb4 Rxa1 21. Rxa1 g4 22. Nfe5 Nxf2 23. Nxf2 Rxe5 24. Nxg4 Bxg4 25. dxe5 Bxe5 26. Ra8+ Kg7 27. Qc2 Bd4+ 28. Kh1 Qf2 29. Qb1 Qe3 30. Rb8 Bxe2 31. Qe1 Bc3 32. Qg1 Qd2 33. Re8 d4 34. h4 Bc4 35. Rd8 Qe3 36. Qb1 d3 37. Qd1 Qxg3 38. h5 0-1

[Event "RUS-chB U18"]
[Site "Dagomys"]
[Date "2009.04.19"]
[Round "5"]
[White "Kuzin, Sergey"]
[Black "Chernikov, Oleg L"]
[Result "1-0"]
[WhiteElo "2030"]
[BlackElo "1928"]
[PlyCount "55"]
[EventDate "2009.04.15"]
[EventType "swiss"]
[EventRounds "9"]
[EventCountry "RUS"]
[SourceTitle "EXT 2010"]
[Source "ChessBase"]
[SourceDate "2010.11.25"]
[SourceVersion "1"]
[SourceVersionDate "2010.11.25"]
[SourceQuality "1"]

1. d4 f5 2. c4 Nf6 3. Nc3 g6 4. g3 Bg7 5. Bg2 0-0 6. Nf3 d6 7. 0-0 c6 8. Re1 Ne4 9. Bf4 h6 10. h4 Nd7 11. Qc1 Kh7 12. Rd1 Qe8 13. d5 Ndc5 14. Nd4 e5 15. dxe6 Bxd4 16. Rxd4 Nxe6 17. Rxe4 fxe4 18. Bxh6 Rg8 19. Nxe4 Qe7 20. Qe3 Re8 21. Rd1 Ng7 22. Bg5 Qf8 23. Qc3 Nh5 24. Bf3 Bf5 25. Nxd6 Re6 26. Nxf5 Qxf5 27. Rd7+ Kg8 28. Bh6 1-0

[Event "Moscow Petrosian Memorial U18"]
[Site "Moscow"]
[Date "2008.01.??"]
[Round "3"]
[White "Kuzin, Sergey"]
[Black "Miloserdova, Irina"]
[Result "0-1"]
[WhiteElo "2043"]
[BlackElo "2015"]
[PlyCount "109"]
[EventDate "2008.01.??"]
[EventType "swiss"]
[EventRounds "9"]
[EventCountry "RUS"]
[SourceTitle "CBM 122 Extra"]
[Source "ChessBase"]
[SourceDate "2008.03.04"]
[SourceVersion "1"]
[SourceVersionDate "2008.03.04"]
[SourceQuality "1"]

1. d4 Nf6 2. c4 e6 3. Nf3 b6 4. g3 d5 5. Bg2 Bb7 6. cxd5 exd5 7. 0-0 Bd6 8. Nc3 0-0 9. Nb5 Be7 10. Bf4 Na6 11. Rc1 c6 12. Na3 Nc7 13. Ne5 c5 14. dxc5 bxc5 15. Qa4 Bd6 16. Nd3 Ne6 17. Bxd6 Qxd6 18. Qa5 Qb6 19. Qxb6 axb6 20. Rfd1 Nd4 21. Kf1 Rfe8 22. e3 Nc6 23. Kg1 Ra4 24. Nb5 Rd8 25. Nc3 Ra7 26. Nf4 Ne7 27. a3 Ba8 28. Rd2 Rad7 29. Rcd1 Bc6 30. Bh3 Rb7 31. e4 d4 32. e5 Nd7 33. Nb1 Nxe5 34. Bg2 Bxg2 35. Kxg2 Rbd7 36. Re2 f6 37. Ne6 Rc8 38. f4 N5g6 39. b4 Kf7 40. g4 Nd5 41. Kg3 Re7 42. f5 Nf8 43. Rde1 Rce8 44. bxc5 bxc5 45. Rc2 Rc8 46. Rec1 Nxe6 47. fxe6+ Rxe6 48. Rxc5 Re3+ 49. Kf2 Rxc5 50. Rxc5 Nf4 51. Rc7+ Kg6 52. Rd7 Ne6 53. a4 Nc5 54. Rxd4 Rb3 55. Nd2 0-1

[Event "Moscow Petrosian Memorial U18"]
[Site "Moscow"]
[Date "2008.01.??"]
[Round "5"]
[White "Kuzin, Sergey"]
[Black "Voronkov, Denis"]
[Result "1-0"]
[WhiteElo "2043"]
[BlackElo "1996"]
[PlyCount "69"]
[EventDate "2008.01.??"]
[EventType "swiss"]
[EventRounds "9"]
[EventCountry "RUS"]
[SourceTitle "CBM 122 Extra"]
[Source "ChessBase"]
[SourceDate "2008.03.04"]
[SourceVersion "1"]
[SourceVersionDate "2008.03.04"]
[SourceQuality "1"]

1. d4 e6 2. c4 f5 3. Nc3 Nf6 4. e3 d5 5. Bd3 Bd6 6. Qc2 c6 7. Nge2 0-0 8. g3 Ne4 9. f3 Ng5 10. Rf1 h6 11. Bd2 Bd7 12. 0-0-0 Na6 13. a3 dxc4 14. Bxc4 b5 15. Bd3 Rb8 16. h4 Nh7 17. e4 c5 18. dxc5 Nxc5 19. exf5 exf5 20. Bf4 Bxf4+ 21. Nxf4 Qf6 22. Ncd5 Qd6 23. Ng6 Nxd3+ 24. Rxd3 Kf7 25. Nde7 Qe6 26. Rxd7 Qxd7 27. Ne5+ Kxe7 28. Nxd7 Kxd7 29. Rd1+ Ke6 30. Qb3+ Ke7 31. Re1+ Kd8 32. Qd5+ Kc7 33. Re7+ Kb6 34. Qd6+ Ka5 35. Rxa7# 1-0

[Event "Moscow Petrosian Memorial U18"]
[Site "Moscow"]
[Date "2007.01.??"]
[Round "1"]
[White "Isagov, Elnur"]
[Black "Kuzin, Sergey"]
[Result "1/2-1/2"]
[WhiteElo "2177"]
[BlackElo "1996"]
[PlyCount "47"]
[EventDate "2007.01.??"]
[EventType "swiss"]
[EventRounds "9"]
[EventCountry "RUS"]
[SourceTitle "EXT 2008"]
[Source "ChessBase"]
[SourceDate "2007.11.25"]
[SourceVersion "1"]
[SourceVersionDate "2007.11.25"]
[SourceQuality "1"]

1. e4 e5 2. Nf3 Nc6 3. Bb5 Nf6 4. 0-0 Nxe4 5. d4 Nd6 6. Bxc6 dxc6 7. dxe5 Nf5 8. Qe2 h6 9. Rd1 Qe7 10. Nbd2 Bd7 11. Nb3 0-0-0 12. Be3 Nxe3 13. Qxe3 Kb8 14. Rd4 g6 15. Rad1 Bg7 16. Qd2 Kc8 17. Qa5 Kb8 18. Ra4 a6 19. Rad4 Bc8 20. h3 b6 21. Qd2 Rxd4 22. Qxd4 c5 23. Qe3 Re8 24. Re1 1/2-1/2

[Event "Tatranska Lesna op"]
[Site "Tatranska Lesna"]
[Date "2006.06.26"]
[Round "3"]
[White "Pecha, Tomas"]
[Black "Kuzin, Sergey"]
[Result "1-0"]
[WhiteElo "1939"]
[BlackElo "2072"]
[PlyCount "75"]
[EventDate "2006.06.24"]
[EventType "swiss"]
[EventRounds "7"]
[EventCountry "SVK"]
[SourceTitle "EXT 2008"]
[Source "ChessBase"]
[SourceDate "2007.11.25"]
[SourceVersion "1"]
[SourceVersionDate "2007.11.25"]
[SourceQuality "1"]

1. e4 e5 2. Nf3 Nc6 3. Nc3 Nf6 4. Bb5 d6 5. d4 exd4 6. Qxd4 Bd7 7. Bxc6 Bxc6 8. Bg5 Be7 9. 0-0-0 0-0 10. Rhe1 h6 11. Bh4 Nd7 12. Bxe7 Qxe7 13. Nd5 Bxd5 14. exd5 Qf6 15. c4 Rfe8 16. Re3 Qxd4 17. Rxd4 Rxe3 18. fxe3 Re8 19. Kd2 Nc5 20. Ke2 Ne4 21. Nd2 f5 22. Nxe4 fxe4 23. Rd1 Rf8 24. b4 Rf5 25. a3 Kf7 26. Rf1 Rxf1 27. Kxf1 Kf6 28. Ke2 Ke5 29. Kd2 h5 30. g3 h4 31. g4 c6 32. dxc6 bxc6 33. a4 d5 34. Kc3 c5 35. bxc5 dxc4 36. Kxc4 g6 37. Kb5 Kd5 38. a5 1-0